Soft Computing Agents New Trends for Designing Autonomous Systems /

In the existing literature the intersection of agent technology with soft computing is a very recent and attractive issue. The book is devoted to a unifying perspective of this topic. In contains contributions by well-known authors whose expertise is universally recognized in these crossing areas. P...

Full description

Bibliographic Details
Corporate Author: SpringerLink (Online service)
Other Authors: Sessa, Salvatore (Editor, http://id.loc.gov/vocabulary/relators/edt)
Format: Electronic eBook
Language:English
Published: Heidelberg : Physica-Verlag HD : Imprint: Physica, 2001.
Edition:1st ed. 2001.
Series:Studies in Fuzziness and Soft Computing, 75
Subjects:
Online Access:Full Text via HEAL-Link
LEADER 03211nam a2200469 4500
001 978-3-7908-1815-4
003 DE-He213
005 20190618202811.0
007 cr nn 008mamaa
008 121214s2001 gw | s |||| 0|eng d
020 |a 9783790818154  |9 978-3-7908-1815-4 
024 7 |a 10.1007/978-3-7908-1815-4  |2 doi 
040 |d GrThAP 
050 4 |a Q334-342 
072 7 |a UYQ  |2 bicssc 
072 7 |a COM004000  |2 bisacsh 
072 7 |a UYQ  |2 thema 
082 0 4 |a 006.3  |2 23 
245 1 0 |a Soft Computing Agents  |h [electronic resource] :  |b New Trends for Designing Autonomous Systems /  |c edited by Salvatore Sessa. 
250 |a 1st ed. 2001. 
264 1 |a Heidelberg :  |b Physica-Verlag HD :  |b Imprint: Physica,  |c 2001. 
300 |a VIII, 220 p.  |b online resource. 
336 |a text  |b txt  |2 rdacontent 
337 |a computer  |b c  |2 rdamedia 
338 |a online resource  |b cr  |2 rdacarrier 
347 |a text file  |b PDF  |2 rda 
490 1 |a Studies in Fuzziness and Soft Computing,  |x 1434-9922 ;  |v 75 
505 0 |a 1: "Conscious" Software: A Computational View of Mind -- 2: Intelligent Agents in Granular Worlds -- 3: Controlling Effective Introns for Multi-Agent Learning by Means of Genetic Programming -- 4: TalkMine: A Soft Computing Approach to Adaptive Knowledge Recommendation -- 5: A Soft-Computing Distributed Artificial Intelligence Architecture for Intelligent Buildings -- 6: Towards a Multiagent Design Principle: Analyzing an Organizational-Learning Oriented Classifer System -- 7: A Human-Centered Approach for Intelligent Internet Applications -- 8: A Soft Computing Framework for Adaptive Agents. 
520 |a In the existing literature the intersection of agent technology with soft computing is a very recent and attractive issue. The book is devoted to a unifying perspective of this topic. In contains contributions by well-known authors whose expertise is universally recognized in these crossing areas. Particular emphasis is devoted to advanced research projects involved with Web-related technologies. Fundamental topics explored in this volume are: - formal theories and logics to represent and handle imprecise communications acts among communities of agents; - soft-computing approaches to define distributed problem-solving techniques to represent and reason about large-scale control systems; - decomposition of a complex system into autonomous or semiautonomous agents through evolutionary models; - enrichment of agent programming paradigm for cooperative soft-computing processing. 
650 0 |a Artificial intelligence. 
650 1 4 |a Artificial Intelligence.  |0 http://scigraph.springernature.com/things/product-market-codes/I21000 
700 1 |a Sessa, Salvatore.  |e editor.  |4 edt  |4 http://id.loc.gov/vocabulary/relators/edt 
710 2 |a SpringerLink (Online service) 
773 0 |t Springer eBooks 
776 0 8 |i Printed edition:  |z 9783662003503 
776 0 8 |i Printed edition:  |z 9783790814040 
776 0 8 |i Printed edition:  |z 9783662003497 
830 0 |a Studies in Fuzziness and Soft Computing,  |x 1434-9922 ;  |v 75 
856 4 0 |u https://doi.org/10.1007/978-3-7908-1815-4  |z Full Text via HEAL-Link 
912 |a ZDB-2-ENG 
912 |a ZDB-2-BAE 
950 |a Engineering (Springer-11647)